01443nam a22003617a 4500003000500000005001700005008004100022010001000063011001000073035001000083040000900093090001000102100004100112245008000153260004300233300001900276500001100295502011500306590003700421590004100458590004100499590004100540590004200581650002200623710006200645901000700707942000900714949004200723949004700765999001700812952012500829952012700954CHAP20220329141507.0971013s1989 r 00010 d a69031 a70003 a79482 cCHAP aTesis00aDomínguez Uscanga, Román.933904 aDescripción larval y pupal de Tabanus oculus Walker (Diptera : Tabanidae) aChapingo, Méèx. :bEl autor,c1989 a48 h.b: ilus. a32-182 aTesis (Ing. Agrónomo Esp. en Parasitología Agrícola) -- UACH. Departamento de Parasitología Agrícola aALEPHb10c20130110lUCH01h1407 aBATCH-UPDb10c20130110lUCH01h0820 aBATCH-UPDb10c20130410lUCH01h0457 aBATCH-UPDb10c20130914lUCH01h1219 aCONVERSIONb10c20130109lUCH01h133814aTábano.91134840 aUACH. Departamento de Parasitología Agrícola.9115877 aBK cFOLL bBCcTESd-32371eTS1h22407i79482si bBCcTESd-95401eTS2fc.2h22408i79482si c69031d69031 00102local4053708TESISaBCbBCcPA_TESISd2019-12-31fTESISl0p-95401r2019-12-31 00:00:00tc.2w2019-12-31yTESIS 00102local4051708TESISaBCbBCcPA_TESISd2019-12-31fTESISl0oTesisp-32371r2019-12-31 00:00:00w2019-12-31yTESIS